000 00640nam a2200241Ia 4500
003 OSt
005 20221005122118.0
006 a|||||r|||| 00| 0
007 ta
008 221004b |||||||| |||| 00| 0 eng d
024 _a66636
037 _cTextual
040 _aCRL
_cCRL
_beng
041 _2eng
_aeng
082 _aV53:1:L9, 122K8
100 _aGodechot Jacques
245 0 _aInstitutions de la France
_b Sousla revolution et L'empire
260 _c1968
490 _aHistoire des institutions
650 _aHISTORY
942 _hV53:1:L9, 122K8
_cTEXL
_2cc
999 _c1043286
_d1043286